| 000 | 00634nam a22002051 4500 | ||
|---|---|---|---|
| 001 | 105217 | ||
| 003 | ES-MaACL | ||
| 005 | 20230906183820.0 | ||
| 007 | t| | ||
| 008 | 060619s1961 sp ||||0| fre d | ||
| 016 | 7 | _zIND9200523797 | |
| 040 |
_aM-BN _bspa _cA2 |
||
| 080 | _a84"19"(082.2) | ||
| 100 | 1 |
_aLópez Mosnier, Eliane. _973807 |
|
| 245 | 1 | 3 |
_aLa France contemporaine _b: Curso Preuniversitario / _cpor Eliane López Mosnier. |
| 260 |
_aBurgos : _bAldecoa, _c[1961] |
||
| 300 |
_a237 p : _bil. ; _c21 cm. |
||
| 650 | 4 |
_aLiteratura francesa- _yS.XX- _xHistoria y crítica. _914593 |
|
| 852 |
_aES-MaACL _jC-20584 _bR.48987 |
||
| 999 |
_c105217 _d105217 |
||